Soft Computing and Intelligent Data Analysis in Oil Exploration / (Record no. 1902)
[ view plain ]
| 000 -LEADER | |
|---|---|
| fixed length control field | 01089nac a22002651u 4500 |
| 008 - FIXED-LENGTH DATA ELEMENTS--GENERAL INFORMATION | |
| fixed length control field | 091110t xxu||||| |||| 00| 0 eng d |
| 010 ## - LIBRARY OF CONGRESS CONTROL NUMBER | |
| LC control number | 2003283005 |
| 020 ## - INTERNATIONAL STANDARD BOOK NUMBER | |
| International Standard Book Number | 0444506853 |
| 035 ## - SYSTEM CONTROL NUMBER | |
| System control number | (OCoLC)ocm51438153 |
| 082 00 - DEWEY DECIMAL CLASSIFICATION NUMBER | |
| Classification number | 622.18282 |
| Item number | OIL |
| Edition number | 22 |
| 100 ## - MAIN ENTRY--PERSONAL NAME | |
| Personal name | 20080729 |
| 9 (RLIN) | 9277 |
| 245 00 - TITLE STATEMENT | |
| Title | Soft Computing and Intelligent Data Analysis in Oil Exploration / |
| Statement of responsibility, etc | Edited by M. Nikravesh, F. Aminzadeh, L.A. Zadeh. |
| 260 ## - PUBLICATION, DISTRIBUTION, ETC. (IMPRINT) | |
| Place of publication, distribution, etc | Amsterdam ; |
| -- | Boston : |
| Name of publisher, distributor, etc | Elsevier, |
| Date of publication, distribution, etc | 2003. |
| 300 ## - PHYSICAL DESCRIPTION | |
| Extent | xxix, 724 p. : |
| Other physical details | ill. (some col.) ; |
| Dimensions | 25 cm. |
| 490 ## - Series Statement | |
| Series statement | Developments in petroleum science |
| Volume/sequential designation | 51 |
| 504 ## - BIBLIOGRAPHY, ETC. NOTE | |
| Bibliography, etc | Includes bibliographical references and indexes. |
| 650 #0 - SUBJECT ADDED ENTRY--TOPICAL TERM | |
| Topical term or geographic name as entry element | Petroleum |
| General subdivision | Prospecting |
| -- | Data processing. |
| 9 (RLIN) | 9278 |
| 650 #0 - SUBJECT ADDED ENTRY--TOPICAL TERM | |
| Topical term or geographic name as entry element | Hydrocarbon reservoirs |
| General subdivision | Computer simulation. |
| 9 (RLIN) | 9279 |
| 650 #0 - SUBJECT ADDED ENTRY--TOPICAL TERM | |
| Topical term or geographic name as entry element | Soft computing. |
| 9 (RLIN) | 9280 |
| 700 1# - ADDED ENTRY--PERSONAL NAME | |
| Personal name | Nikravesh, Masoud, |
| Dates associated with a name | 1959- |
| 9 (RLIN) | 9281 |
| 700 1# - ADDED ENTRY--PERSONAL NAME | |
| Personal name | Zadeh, Lotfi Asker. |
| 9 (RLIN) | 9283 |
| 700 1# - ADDED ENTRY--PERSONAL NAME | |
| 9 (RLIN) | 9282 |
| Personal name | Aminzadeh, Fred |
| 856 42 - ELECTRONIC LOCATION AND ACCESS | |
| Materials specified | Publisher description |
| Uniform Resource Identifier | <a href="http://www.loc.gov/catdir/enhancements/fy0615/2003283005-d.html">http://www.loc.gov/catdir/enhancements/fy0615/2003283005-d.html</a> |
| 942 ## - ADDED ENTRY ELEMENTS (KOHA) | |
| Item type | Book - Borrowing |
| Call number prefix | 622.18282OIL |
| Source of classification or shelving scheme | Dewey Decimal Classification |
| Withdrawn status | Item status | Source of classification or shelving scheme | Damaged status | Not for loan | Vendor | Home library | Current library | Shelving location | Date acquired | Source of acquisition | Cost, normal purchase price | Total Checkouts | Full call number | Barcode | Date last seen | Cost, replacement price | Koha item type | Materials specified (bound volume or other part) |
|---|---|---|---|---|---|---|---|---|---|---|---|---|---|---|---|---|---|---|
| Dewey Decimal Classification | Central Library | Central Library | First floor | 04/02/2007 | Purchase | 1090.00 | 622.18282 OIL | 000002368 | 15/07/2025 | 1362.50 | Book - Borrowing | |||||||
| Lost | Dewey Decimal Classification | Baccah | Central Library | Central Library | First floor | 10/11/2009 | Purchase | 1090.00 | 622.18282 OIL | 000018983 | 01/07/2011 | 1362.50 | NB - Book (Non borrowing) | Lost In Inventory_2015-8-23 | ||||
| Dewey Decimal Classification | Baccah | Central Library | Central Library | First floor | 10/11/2009 | Purchase | 1090.00 | 622.18282 OIL | 000018982 | 15/07/2025 | 1362.50 | Book - Borrowing |